000 02065nam0a2200373 4500
001 RU\NLR\BIBL_A\012818182
005 20220703155633.0
010 _a978-5-6045361-3-1
_91500
021 _aRU
_bКН-П-22-015305
_9КН-П-22-1305
035 _a(NLR Aleph) 012818182
035 _a(RuMoRGB)011004032
090 _a12307312
_c12307312
100 _a20220615d2022 u y0rusy50 ca
101 0 _arus
102 _aRU
105 _a c||z|||000zy
181 0 _ai3
_baxxe
182 0 _an
200 1 _aОжидание праведников - радость
_eдуховное наследие
_fсвященномученик Феофан (Ильменский), епископ Соликамский
_g[ред.-сост.: прот. Максим Максимов]
203 _aТекст
_bвизуальный
_cнепосредственный
210 _aМосква
_cИзд-во Московской Патриархии Русской Православной Церкви
_d2022
215 _a614, [2] с., [1] л. портр.
_cцв. ил.
_d22
225 1 _aЦерковность
_fгл. ред.: прот. Максим Максимов
_vкн. 8
320 _aБиблиогр. в примеч.: с. 594-610
330 _aВ книге публикуется жизнеописание священномученика Феофана (Ильменского; 1867-1918) и его духовное наследие, собранное из различных дореволюционных церковных изданий
600 0 _aФеофан
_cИльменский, Сергей Петрович
_cепископ
_f1867 - 1918
_92081700
_3RU\NLR\AUTH\661257694
675 _a271.22-4
_v4
686 2 _aЭ372.24-574.8
700 0 _7ca
_8rus
_aФеофан
_cИльменский, Сергий Петрович
_cепископ
_f1867-1918
_9115001
_3RU\NLR\AUTH\775030
942 _cBOOK
980 _aNB